| 000 | 00616nam a2200193 i 4500 | ||
|---|---|---|---|
| 001 | C00023140c | ||
| 005 | 20241029144028.0 | ||
| 008 | 961127s1931 sp 001 0 spa d | ||
| 080 | _a929:7.071(460.31) | ||
| 100 | 1 |
_aEspín Rael, Joaquín. _915807 |
|
| 245 | 1 | 0 |
_aArtistas y artífices levantinos / _clibro compuesto por Joaquín Espín Rael. |
| 260 |
_a[Lorca] : _bLa Tarde de Lorca, _cimp. 1931. |
||
| 300 |
_a445 p. ; _c22 cm. |
||
| 500 | _aLegado Lafuente Ferrari. | ||
| 650 | 1 | 4 |
_aArtistas Españoles- _zEspaña- _zLevante- _vBiografías. _986767 |
| 852 | 4 | 2 | _jLF-3814 |
| 999 |
_c22650 _d22650 |
||